| 000 | 00915nam a2200289 i 4500 | ||
|---|---|---|---|
| 003 | DO-SdBNP | ||
| 005 | 20240626141734.0 | ||
| 006 | a||||gr|||| 00| 0 | ||
| 007 | ta | ||
| 008 | 240625e1975 sp ||||| |||| 00| 0 spa d | ||
| 040 |
_aDO-SdBNP _bspa _cBNPHU _erda |
||
| 041 | _hitaliano | ||
| 082 | 4 |
_222 _bC315m, 1975 |
|
| 100 | 1 |
_aCarretto, Carlos _eautor _985811 |
|
| 245 | 1 | 0 |
_aMañana será mejor / _cCarlos Carreto; traducción del italiano, Ezequial Varonal |
| 246 | 1 | 3 | _aIl Dio che viene. |
| 250 | _a12a. edición | ||
| 264 | 1 |
_aBarcelona, España : _bPaulina, _c1975 |
|
| 300 |
_a251 páginas ; _c18 cm. |
||
| 336 |
_2rdacontent _atexto _btxt |
||
| 337 |
_2rdamedia _asin mediación _bn |
||
| 338 |
_2rdacarrier _avolumen _bnc |
||
| 534 |
_aIl Dio che viene. _bCittá Nuova Editrice, Roma, 1971. |
||
| 590 | _aInventariado 2024 / MF | ||
| 700 | 1 |
_aVaronal, Ezequial, _etraductor _985812 |
|
| 942 |
_2ddc _cLBS1 |
||
| 999 |
_c56990 _d56990 |
||